000
00315cam a2200133ua 4500
041
_a
eng
_h
100
_a
samate, v.V .
245
_a
Special studies in Agriculture exetension Vol.I
260
_a
:
_b
Monitoring and exetensional ,
_c
1997.
300
_a
; .
504
_a
942
_c
BK
999
_c
12938
_d
12938